BASIC CONCEPTS OF ANALYTICAL CHEMISTRY (Record no. 9343)

MARC details
000 -LEADER
fixed length control field 00529nam a22001697a 4500
003 - CONTROL NUMBER IDENTIFIER
control field SGT
020 ## - INTERNATIONAL STANDARD BOOK NUMBER
International Standard Book Number 9788122420920
082 ## - DEWEY DECIMAL CLASSIFICATION NUMBER
Classification number 543, KHO
100 ## - MAIN ENTRY--PERSONAL NAME
Personal name KHOPKAR S.M.
245 ## - TITLE STATEMENT
Title BASIC CONCEPTS OF ANALYTICAL CHEMISTRY
250 ## - EDITION STATEMENT
Edition statement 3RD
260 ## - PUBLICATION, DISTRIBUTION, ETC. (IMPRINT)
Place of publication, distribution, etc NEW DELHI
Name of publisher, distributor, etc NEW AGE
Year of Publication 2014
300 ## - PAGE DESCRIPTION
No. of Pages 604
650 ## - SUBJECT ADDED ENTRY--TOPICAL TERM
Topical term or geographic name as entry element ANALYTICAL CHEMISTRY
653 ## - KEYWORDS--INDEX TERM
Keyword term INTRODUCTION, RELIABILITY OF ANALYTICAL DATA AND STATISTICAL ANALYSIS, SAMPLING IN ANALYSIS, GRAVIMETRIC ANALYSIS, REDOX TITRATIONS, SOLVENT EXTRACTION
942 ## - ADDED ENTRY ELEMENTS (KOHA)
Source of classification or shelving scheme Dewey Decimal Classification
Koha item type FPS Books
942 ## - ADDED ENTRY ELEMENTS (KOHA)
-- 4
Holdings
Withdrawn status Lost status Source of classification or shelving scheme Damaged status Not for loan Collection code Home library Current library Shelving location Date acquired Vendor Name Cost, normal purchase price SGTU Bill Number Total Checkouts Full call number Accession No. (Barcode) Date last seen Date last borrowed Bill Date Koha item type
    Dewey Decimal Classification     SCIENCE SGT Science & Social Sciences Library SGT Science & Social Sciences Library Text Book 30/06/2016 KIRTI PRAKASHAN 399.00 SGTU 2911 9 543, KHO PS896 20/12/2024 20/12/2024 15/09/2015 FPS Books
    Dewey Decimal Classification     SCIENCE SGT Science & Social Sciences Library SGT Science & Social Sciences Library Text Book 30/06/2016 KIRTI PRAKASHAN 399.00 SGTU 2911 5 543, KHO PS897 22/12/2022 29/10/2022 15/09/2015 FPS Books
    Dewey Decimal Classification   Not For Loan SCIENCE SGT Science & Social Sciences Library SGT Science & Social Sciences Library Reference Book 30/06/2016 KIRTI PRAKASHAN 399.00 SGTU 2911   543, KHO PS898 30/06/2016   15/09/2015 FPS Books